000
00293nam a22001337a 4500
008
190204b xxu||||| |||| 00| 0 eng d
020
_a
9780323297394
041
_a
eng
080
_a
610
100
_a
4
101
_a
SHM
245
_a
Intravenous Medications
_c
Gahart, B.L
942
_2
udc
_c
BK
999
_c
53919
_d
53919